000 00472cam a2200193ua 4500
001 7442
005 20260515114219.0
008 141218n ru |||gr||||Z||||||ben
020 _a501008211
040 _cMAIN
041 _aben
082 _a320
100 _aBhoumik, N.,
_eTranslator.
245 _aA history of political doctrines
_cTranslated by Noni Bhoumik
260 _aMoscow:
_bPragati,
_c1988.
300 _a199p.
653 _aPolitical science
942 _cBK
999 _c6560
_d6560